Power and powerlessness: capital cities in Africa (Record no. 54157)
[ view plain ]
| 000 -LEADER | |
|---|---|
| fixed length control field | 00888nam a2200193 a 4500 |
| 008 - FIXED-LENGTH DATA ELEMENTS--GENERAL INFORMATION | |
| fixed length control field | 120924s2012 ||||||||||||||||| || u |
| 020 ## - INTERNATIONAL STANDARD BOOK NUMBER | |
| International Standard Book Number | 9782869784956 |
| 050 ## - LIBRARY OF CONGRESS CALL NUMBER | |
| Classification number | JF 1900 POW |
| 100 ## - MAIN ENTRY--PERSONAL NAME | |
| Personal name | Bekker, Simon |
| 245 10 - TITLE STATEMENT | |
| Title | Power and powerlessness: capital cities in Africa |
| Statement of responsibility, etc. | edited by Simon Bekker and Goram Therborn |
| 260 ## - PUBLICATION, DISTRIBUTION, ETC. | |
| Place of publication, distribution, etc. | Dakar: |
| Name of publisher, distributor, etc. | Council for the Development of Social Research in Africa (CODESRIA) |
| Date of publication, distribution, etc. | 2012 |
| 300 ## - PHYSICAL DESCRIPTION | |
| Extent | xxviii, 220p.: ill. |
| 650 ## - SUBJECT ADDED ENTRY--TOPICAL TERM | |
| Topical term or geographic name entry element | POWER (SOCIAL SCIENCES)--AFRICA, SUB-SAHARAN--CONGRESSES |
| 650 ## - SUBJECT ADDED ENTRY--TOPICAL TERM | |
| Topical term or geographic name entry element | CAPITALS (CITIES)--AFRICA, SUB-SAHARAN--CONGRESSES |
| 650 ## - SUBJECT ADDED ENTRY--TOPICAL TERM | |
| Topical term or geographic name entry element | AFRICA--COLONIAL INFLUENCE--CONGRESSES |
| 650 ## - SUBJECT ADDED ENTRY--TOPICAL TERM | |
| Topical term or geographic name entry element | URBANIZATION--AFRICA, SUB-SAHARAN--CONGRESSES |
| 700 ## - ADDED ENTRY--PERSONAL NAME | |
| Personal name | Goran, Therborn |
| 995 ## - RECOMMENDATION 995 [LOCAL, UNIMARC FRANCE] | |
| -- | CBU-MAIN LIBRARY (Kitwe) |
| -- | 1 |
| -- | AVAILABLE |
| -- | Jan 7, 2013 |
| -- | Main Library Open Access Collection |
| Withdrawn status | Lost status | Source of classification or shelving scheme | Damaged status | Not for loan | Home library | Current library | Shelving location | Date acquired | Total Checkouts | Full call number | Barcode | Date last seen | Price effective from | Koha item type |
|---|---|---|---|---|---|---|---|---|---|---|---|---|---|---|
| CBU-MAIN LIBRARY, KITWE. | CBU-MAIN LIBRARY, KITWE. | 11/30/2022 | JF 1900 POW | 743406 | 11/30/2022 | 11/30/2022 | MONOGRAPH |